Tilastot visalle Slaavilaiset valtiot

Klikkaa tästä pelataksesi tätä visaa!

Yleistilastot

  • Tätä visaa on pelattu 129 kertaa
  • Keskiarvotulos 11 / 13

Vastaustilastot

Valtio% Oikein
Venäjä
97%
Ukraina
97%
Valko-Venäjä
96%
Slovenia
91%
Puola
91%
Serbia
88%
Slovakia
88%
Tšekki
86%
Kroatia
85%
Pohjois-Makedonia
83%
Bosnia ja Hertsegovina
82%
Bulgaria
82%
Montenegro
82%

Tulosjakauma

Persentiili vastausten määrän mukaan

Jokaisen tuloksen saaneiden osuus

Tuloshistoriasi

Et ole pelannut tätä visaa